000 00459nam a2200157Ia 4500
008 090123s9999 xx 000 0 und d
082 _b29468
245 _aकोण कसा जगतो
250 _a1
260 _bमराठे पब्लिशिंग हाऊस
300 _a16
630 _aकोण कसा जगतो
700 _aहवालदार अनिल
730 _aकोण कसा जगतो
942 _cBOOK
999 _c68314
_d68314